Indianisation of english (Record no. 6372)

MARC details
000 -LEADER
fixed length control field 00520 a2200169 4500
001 - CONTROL NUMBER
control field 131982
003 - CONTROL NUMBER IDENTIFIER
control field OSt
005 - DATE AND TIME OF LATEST TRANSACTION
control field 20211007120317.0
008 - FIXED-LENGTH DATA ELEMENTS--GENERAL INFORMATION
fixed length control field
082 ## - DEWEY DECIMAL CLASSIFICATION NUMBER
Classification number 823.9109954
Item number B22I
100 1# - MAIN ENTRY--PERSONAL NAME
Personal name Bandyopadhyay, Sumana
245 1# - TITLE STATEMENT
Title Indianisation of english
Statement of responsibility, etc by Sumana Bandyopadhyay
260 ## - PUBLICATION, DISTRIBUTION, ETC. (IMPRINT)
Place of publication, distribution, etc New Delhi
Name of publisher, distributor, etc Concept Publishing
Date of publication, distribution, etc 2010
300 ## - PHYSICAL DESCRIPTION
Extent 184p.
690 ## - LOCAL SUBJECT ADDED ENTRY--TOPICAL TERM (OCLC, RLIN)
Topical term or geographic name as entry element India; English language--Variation; English literature--Indic influences; Indic fiction (English)
942 ## - ADDED ENTRY ELEMENTS (KOHA)
Source of classification or shelving scheme Dewey Decimal Classification
Koha item type Books
Holdings
Withdrawn status Lost status Source of classification or shelving scheme Damaged status Not for loan Collection code Home library Current library Date acquired Source of acquisition Cost, normal purchase price Total Checkouts Full call number Barcode Date last seen Date checked out Price effective from Koha item type
    Dewey Decimal Classification     General Text Book Central University Of Rajasthan Central University Of Rajasthan 08/06/2012 ENG 550.00 1 823.9109954 B22I 8763 21/11/2024 08/04/2024 02/09/2020 Books